[Event "GBR-ch111 Over 65"]
[Site "Liverpool"]
[Date "2025.08.04"]
[Round "1.34"]
[White "Clare, Steve"]
[Black "Sage, Geoffrey W"]
[Result "1-0"]
[WhiteElo "1709"]
[BlackElo "1960"]
[PlyCount "103"]
[EventDate "2025.08.04"]
[EventType "swiss"]
[EventRounds "7"]
[EventCountry "GBR"]
[SourceTitle "BritBase"]
[Source "John Saunders"]
[SourceDate "2025.08.11"]
[SourceVersion "1"]
[SourceVersionDate "2025.08.11"]
[SourceQuality "1"]

1. e4 Nc6 2. d4 d5 3. exd5 Qxd5 4. Nf3 Bg4 5. Nc3 Qh5 6. Be2 O-O-O 7. O-O e5 8. h3 Bxf3 9. Bxf3 Qg6 10. Be4 f5 11. Bxc6 Qxc6 12. d5 Qa6 13. Qf3 g6 14. Rd1 Bd6 15. Qe2 Qxe2 16. Nxe2 f4 17. c4 Nf6 18. f3 g5 19. b3 Bc5+ 20. Kf1 h5 21. Bb2 Rhe8 22. h4 Nh7 23. hxg5 Rg8 24. Bxe5 Rxg5 25. Bxf4 Rf5 26. g3 Rdf8 27. Nd4 Bxd4 28. Rxd4 h4 29. Kg2 hxg3 30. Kxg3 Nf6 31. Bd2 Nh5+ 32. Kg4 Ng7 33. Rf4 Rxf4+ 34. Bxf4 Nf5 35. Re1 Kd7 36. Bg5 Nd4 37. f4 Rf7 38. Re4 Nc2 39. f5 c6 40. dxc6+ bxc6 41. c5 Na3 42. Rd4+ Kc7 43. f6 Nb5 44. Rd3 Kc8 45. Kf5 Nc7 46. Kg6 Rf8 47. Rd6 Rg8+ 48. Kf5 Kb7 49. f7 Rf8 50. Kg6 Nb5 51. Rd7+ Nc7 52. Kg7 1-0

[Event "GBR-ch111 Over 65"]
[Site "Liverpool"]
[Date "2025.08.04"]
[Round "1.35"]
[White "Habershon, Paul F"]
[Black "Lawrence, Roy A"]
[Result "1-0"]
[WhiteElo "1959"]
[BlackElo "1693"]
[PlyCount "63"]
[EventDate "2025.08.04"]
[EventType "swiss"]
[EventRounds "7"]
[EventCountry "GBR"]
[SourceTitle "BritBase"]
[Source "John Saunders"]
[SourceDate "2025.08.11"]
[SourceVersion "1"]
[SourceVersionDate "2025.08.11"]
[SourceQuality "1"]

1. e4 g6 2. d4 Bg7 3. Nf3 d6 4. Be2 Nf6 5. Nc3 O-O 6. O-O Nbd7 7. h3 e5 8. Be3 b6 9. Qd2 Bb7 10. dxe5 dxe5 11. Rad1 Re8 12. Bc4 Nf8 13. Ng5 Ne6 14. Bxe6 fxe6 15. Qxd8 Raxd8 16. Rxd8 Rxd8 17. Nxe6 Re8 18. Nxc7 Re7 19. N7d5 Nxd5 20. Nxd5 Rf7 21. Rd1 h6 22. f3 Bf8 23. c4 Kg7 24. a3 Ba6 25. Rc1 Bd6 26. b4 Rf8 27. c5 bxc5 28. bxc5 Bb8 29. c6 Bd6 30. Bxa7 Bxa3 31. Ra1 Ra8 32. Rxa3 1-0

[Event "GBR-ch111 Over 65"]
[Site "Liverpool"]
[Date "2025.08.04"]
[Round "1.36"]
[White "Butterworth, Joe W"]
[Black "Kelly, Ian G"]
[Result "1/2-1/2"]
[WhiteElo "1692"]
[BlackElo "1953"]
[PlyCount "111"]
[EventDate "2025.08.04"]
[EventType "swiss"]
[EventRounds "7"]
[EventCountry "GBR"]
[SourceTitle "BritBase"]
[Source "John Saunders"]
[SourceDate "2025.08.11"]
[SourceVersion "1"]
[SourceVersionDate "2025.08.11"]
[SourceQuality "1"]

1. d4 Nf6 2. Nf3 c5 3. e3 b6 4. c4 Bb7 5. Nc3 g6 6. Bd3 Bg7 7. O-O O-O 8. b3 e6 9. Bb2 Qe7 10. Qe2 Rd8 11. Rad1 cxd4 12. Nxd4 d5 13. cxd5 Nxd5 14. Nxd5 Bxd5 15. Nb5 Na6 16. Bxg7 Kxg7 17. Nc3 Nc5 18. Nxd5 Rxd5 19. Bc4 Rxd1 20. Rxd1 Rd8 21. Qb2+ Kg8 22. Rd4 Qf6 23. Qd2 Rxd4 24. Qxd4 Qxd4 25. exd4 Ne4 26. d5 exd5 27. Bxd5 Nc3 28. Bc4 Nxa2 29. Kf1 Kf8 30. Ke2 Ke7 31. Kd3 f6 32. h4 Kd6 33. Bg8 h6 34. Bh7 g5 35. hxg5 fxg5 36. Ke4 Nc1 37. Bg8 a5 38. Kf5 b5 39. Kg6 a4 40. bxa4 bxa4 41. Kxh6 a3 42. Kxg5 Kc5 43. f4 Kd6 44. f5 Ke7 45. f6+ Kf8 46. Be6 Nd3 47. Kf5 Nc5 48. Ba2 Nb7 49. g4 Nd6+ 50. Ke5 Nf7+ 51. Kd4 Ng5 52. Bb3 Nf7 53. Kc3 Nd6 54. Kb4 Ne4 55. Kxa3 Nxf6 56. g5 1/2-1/2

[Event "GBR-ch111 Over 65"]
[Site "Liverpool"]
[Date "2025.08.04"]
[Round "1.37"]
[White "Campbell, Ian"]
[Black "Jerome, Stellio"]
[Result "0-1"]
[WhiteElo "1952"]
[BlackElo "1669"]
[PlyCount "27"]
[EventDate "2025.08.04"]
[EventType "swiss"]
[EventRounds "7"]
[EventCountry "GBR"]
[SourceTitle "BritBase"]
[Source "John Saunders"]
[SourceDate "2025.08.11"]
[SourceVersion "1"]
[SourceVersionDate "2025.08.11"]
[SourceQuality "1"]

1. d4 f5 2. e3 Nf6 3. f4 e6 4. Nf3 d6 5. c4 Be7 6. Nc3 O-O 7. Bd3 Nc6 8. O-O Qe8 9. a3 a5 10. Qc2 Bd8 11. e4 e5 12. fxe5 dxe5 13. d5 Nd4 14. exf5 0-1

[Event "GBR-ch111 Over 65"]
[Site "Liverpool"]
[Date "2025.08.04"]
[Round "1.38"]
[White "Walkowiak, Adam"]
[Black "Bray, Dave J"]
[Result "0-1"]
[WhiteElo "1657"]
[BlackElo "1950"]
[PlyCount "40"]
[EventDate "2025.08.04"]
[EventType "swiss"]
[EventRounds "7"]
[EventCountry "GBR"]
[SourceTitle "BritBase"]
[Source "John Saunders"]
[SourceDate "2025.08.11"]
[SourceVersion "1"]
[SourceVersionDate "2025.08.11"]
[SourceQuality "1"]

1. d4 Nf6 2. c4 e6 3. Nc3 Bb4 4. e3 b6 5. Bd3 Bb7 6. f3 O-O 7. Nge2 d5 8. O-O c5 9. a3 cxd4 10. axb4 dxc3 11. bxc3 Qc7 12. cxd5 exd5 13. Bd2 Nbd7 14. Nd4 Ne5 15. Nb5 Qd7 16. Qe2 a5 17. bxa5 Rxa5 18. Rxa5 bxa5 19. Ra1 Ra8 20. Ra4 Bc6 0-1

[Event "GBR-ch111 Over 65"]
[Site "Liverpool"]
[Date "2025.08.04"]
[Round "1.39"]
[White "Lawson, Maurice E"]
[Black "Collins, Nigel"]
[Result "1-0"]
[WhiteElo "1938"]
[BlackElo "1589"]
[PlyCount "79"]
[EventDate "2025.08.04"]
[EventType "swiss"]
[EventRounds "7"]
[EventCountry "GBR"]
[SourceTitle "BritBase"]
[Source "John Saunders"]
[SourceDate "2025.08.11"]
[SourceVersion "1"]
[SourceVersionDate "2025.08.11"]
[SourceQuality "1"]

1. e4 c5 2. Nc3 d6 3. f4 g6 4. Nf3 Bg7 5. d3 Nc6 6. g3 e6 7. Bg2 Nge7 8. O-O O-O 9. Kh1 f5 10. Bd2 Rb8 11. Qe2 a6 12. Nd1 b5 13. c3 a5 14. Ne3 Ba6 15. exf5 exf5 16. Ng5 Qd7 17. Nd5 Rbe8 18. Qe6+ Qxe6 19. Nxe6 Nxd5 20. Bxd5 Rxe6 21. Bxe6+ Kh8 22. Rfe1 b4 23. Bc4 Bxc4 24. dxc4 bxc3 25. bxc3 a4 26. Rab1 Na5 27. Re7 Bf6 28. Ra7 Nxc4 29. Be1 Na3 30. Rbb7 Nc2 31. Bd2 d5 32. Rf7 Rxf7 33. Rxf7 Bg7 34. Rd7 d4 35. Rd8+ Bf8 36. Rxf8+ Kg7 37. Rc8 Kf6 38. Rxc5 Ne3 39. Bxe3 dxe3 40. Re5 1-0

[Event "GBR-ch111 Over 65"]
[Site "Liverpool"]
[Date "2025.08.04"]
[Round "1.40"]
[White "Wright, George A"]
[Black "Myall, Ivan J"]
[Result "1/2-1/2"]
[WhiteElo "1540"]
[BlackElo "1938"]
[PlyCount "71"]
[EventDate "2025.08.04"]
[EventType "swiss"]
[EventRounds "7"]
[EventCountry "GBR"]
[SourceTitle "BritBase"]
[Source "John Saunders"]
[SourceDate "2025.08.11"]
[SourceVersion "1"]
[SourceVersionDate "2025.08.11"]
[SourceQuality "1"]

1. d4 Nf6 2. Nf3 d5 3. e3 Bf5 4. Bd3 e6 5. Bxf5 exf5 6. Qd3 Qc8 7. O-O Bd6 8. b3 O-O 9. c4 Nc6 10. Nc3 Nb4 11. Qd1 c6 12. c5 Bb8 13. h3 Na6 14. Rb1 Ne4 15. Nxe4 fxe4 16. Nh2 Qc7 17. g3 Qd7 18. Kg2 f5 19. b4 Nc7 20. f3 Ne6 21. fxe4 dxe4 22. Rb2 Rf6 23. Ng4 fxg4 24. Rxf6 gxh3+ 25. Kh2 Ng5 26. Rf1 Nf3+ 27. Rxf3 exf3 28. Qxf3 Bc7 29. Rf2 a5 30. a3 axb4 31. axb4 Qe6 32. Bb2 Re8 33. Bc1 h6 34. Bd2 Qg6 35. Kxh3 Kh7 36. g4 1/2-1/2

[Event "GBR-ch111 Over 65"]
[Site "Liverpool"]
[Date "2025.08.05"]
[Round "2.1"]
[White "Hutchinson, Paul A"]
[Black "Lewis, Andrew P"]
[Result "0-1"]
[WhiteElo "2019"]
[BlackElo "2242"]
[PlyCount "78"]
[EventDate "2025.08.04"]
[EventType "swiss"]
[EventRounds "7"]
[EventCountry "GBR"]
[SourceTitle "BritBase"]
[Source "John Saunders"]
[SourceDate "2025.08.11"]
[SourceVersion "1"]
[SourceVersionDate "2025.08.11"]
[SourceQuality "1"]

1. d4 Nf6 2. Nc3 d5 3. Bf4 a6 4. e3 c5 5. Nf3 cxd4 6. exd4 Nc6 7. Be2 Bg4 8. O-O e6 9. h3 Bxf3 10. Bxf3 Bd6 11. Ne2 Rc8 12. Bg5 h6 13. Bh4 g5 14. Bg3 h5 15. Bxd6 Qxd6 16. g3 g4 17. Bg2 gxh3 18. Bxh3 Ke7 19. Bg2 h4 20. c4 dxc4 21. d5 Nxd5 22. Qd2 Rcg8 23. Rad1 Ncb4 24. Qd4 b5 25. Nc3 hxg3 26. f4 Qb6 27. Bxd5 Qxd4+ 28. Rxd4 Nxd5 29. Nxd5+ exd5 30. Rxd5 Rd8 31. Re1+ Kf6 32. Rc5 Rd2 33. Rc6+ Kf5 34. Rc5+ Kg4 35. Rf1 Rhh2 36. Rg5+ Kh4 37. Re1 Rdg2+ 38. Kf1 Rxb2 39. Rg8 Rh1# 0-1

[Event "GBR-ch111 Over 65"]
[Site "Liverpool"]
[Date "2025.08.05"]
[Round "2.2"]
[White "Povah, Nigel E"]
[Black "Fletcher, John T"]
[Result "1-0"]
[WhiteElo "2206"]
[BlackElo "1981"]
[PlyCount "70"]
[EventDate "2025.08.04"]
[EventType "swiss"]
[EventRounds "7"]
[EventCountry "GBR"]
[SourceTitle "BritBase"]
[Source "John Saunders"]
[SourceDate "2025.08.11"]
[SourceVersion "1"]
[SourceVersionDate "2025.08.11"]
[SourceQuality "1"]

1. d4 Nf6 2. Bf4 g6 3. Nc3 d5 4. e3 Bg7 5. h4 h5 6. Nf3 O-O 7. Qd2 c5 8. dxc5 Qa5 9. Nd4 Qxc5 10. Na4 Ne4 11. Nxc5 Nxd2 12. Kxd2 e5 13. Nb5 exf4 14. Nc7 fxe3+ 15. fxe3 Nd7 16. Nxd7 Bxd7 17. Nxa8 Rxa8 18. c3 b5 19. a3 Re8 20. g3 Bh6 21. Re1 a5 22. Bh3 Bxh3 23. Rxh3 b4 24. Kd3 bxa3 25. bxa3 Bg7 26. Rh2 Be5 27. Rg2 Rc8 28. Rc1 Rc4 29. Ke2 Ra4 30. Kf3 Rxa3 31. Rd2 Rxc3 32. Rxc3 Bxc3 33. Rxd5 a4 34. Rd8+ Kg7 35. Rd5 a3 1-0

[Event "GBR-ch111 Over 65"]
[Site "Liverpool"]
[Date "2025.08.05"]
[Round "2.3"]
[White "Fegan, Chris"]
[Black "Townsend, M Paul"]
[Result "0-1"]
[WhiteElo "1994"]
[BlackElo "2167"]
[PlyCount "109"]
[EventDate "2025.08.04"]
[EventType "swiss"]
[EventRounds "7"]
[EventCountry "GBR"]
[SourceTitle "BritBase"]
[Source "John Saunders"]
[SourceDate "2025.08.11"]
[SourceVersion "1"]
[SourceVersionDate "2025.08.11"]
[SourceQuality "1"]

1. e4 e6 2. d4 d5 3. Nd2 c5 4. exd5 exd5 5. Bb5+ Bd7 6. Qe2+ Be7 7. Ngf3 Nf6 8. Ne5 O-O 9. O-O Re8 10. Nxd7 Nbxd7 11. Nf3 a6 12. Bxd7 Qxd7 13. Bg5 h6 14. Bxf6 Bxf6 15. Qd3 cxd4 16. Nxd4 Re4 17. Nb3 Qb5 18. Rad1 Qxd3 19. Rxd3 Re2 20. Nd2 Bxb2 21. Rb1 Bc3 22. Rxc3 Rxd2 23. g3 b5 24. Kf1 Rd4 25. Ra3 Rc8 26. c3 Rd2 27. Kg2 Rc6 28. Rb4 g5 29. Rd4 Rxd4 30. cxd4 Kf8 31. Kf3 Ke7 32. Kg4 Kd7 33. h4 gxh4 34. gxh4 Rf6 35. f4 Kc7 36. f5 Kb6 37. Kf4 b4 38. Rb3 a5 39. Ke5 Rc6 40. Kxd5 Rc2 41. a4 Ra2 42. Kd6 Rxa4 43. Ke7 Ra3 44. Rb1 Rd3 45. Kxf7 Rxd4 46. h5 a4 47. f6 a3 48. Ra1 Kb5 49. Kg7 Rf4 50. f7 Ka4 51. Re1 a2 52. Kg8 Ka3 53. f8=Q Rxf8+ 54. Kxf8 b3 55. Rh1 0-1

[Event "GBR-ch111 Over 65"]
[Site "Liverpool"]
[Date "2025.08.05"]
[Round "2.4"]
[White "Granat, Russell G"]
[Black "Hodge, Steve R"]
[Result "1-0"]
[WhiteElo "2164"]
[BlackElo "1973"]
[PlyCount "73"]
[EventDate "2025.08.04"]
[EventType "swiss"]
[EventRounds "7"]
[EventCountry "GBR"]
[SourceTitle "BritBase"]
[Source "John Saunders"]
[SourceDate "2025.08.11"]
[SourceVersion "1"]
[SourceVersionDate "2025.08.11"]
[SourceQuality "1"]

1. e4 e5 2. Nf3 Nc6 3. Bb5 a6 4. Ba4 Nf6 5. Qe2 b5 6. Bb3 Be7 7. O-O O-O 8. c3 d6 9. d4 Bg4 10. Rd1 Qc8 11. h3 Bh5 12. Bg5 Na5 13. dxe5 Bxf3 14. Qxf3 dxe5 15. Bc2 Rd8 16. Nd2 c6 17. Nf1 Nc4 18. b3 Nd6 19. Ne3 Qc7 20. c4 Nfe8 21. Bxe7 Qxe7 22. c5 Nb7 23. b4 Rxd1+ 24. Bxd1 g6 25. a4 Nc7 26. Bb3 a5 27. axb5 Nxb5 28. Bc4 Nd4 29. Qg4 a4 30. Qd1 a3 31. Qc1 Nd8 32. Rxa3 Rb8 33. Ra4 N8e6 34. Qa1 Kg7 35. Ng4 f6 36. Bxe6 Nxe6 37. Nxe5 1-0

[Event "GBR-ch111 Over 65"]
[Site "Liverpool"]
[Date "2025.08.05"]
[Round "2.5"]
[White "Brooks, Phil J"]
[Black "De Coverly, Roger D"]
[Result "1-0"]
[WhiteElo "2127"]
[BlackElo "1969"]
[PlyCount "81"]
[EventDate "2025.08.04"]
[EventType "swiss"]
[EventRounds "7"]
[EventCountry "GBR"]
[SourceTitle "BritBase"]
[Source "John Saunders"]
[SourceDate "2025.08.11"]
[SourceVersion "1"]
[SourceVersionDate "2025.08.11"]
[SourceQuality "1"]

1. d4 Nf6 2. c4 g6 3. Nc3 Bg7 4. e4 d6 5. Be2 O-O 6. Bg5 Na6 7. h3 e5 8. d5 Qe8 9. g4 Bd7 10. Be3 Qe7 11. Qd2 Nc5 12. f3 a5 13. O-O-O Na4 14. Bd3 Nxc3 15. Qxc3 Rfb8 16. Ne2 Qe8 17. Qd2 b5 18. c5 dxc5 19. Bxc5 b4 20. Kb1 Bb5 21. Rc1 Bxd3+ 22. Qxd3 Qb5 23. Qxb5 Rxb5 24. Be3 Ne8 25. Rc6 Bf8 26. Rhc1 a4 27. Ng3 Bd6 28. Nf1 f5 29. gxf5 gxf5 30. Nd2 fxe4 31. fxe4 Nf6 32. Bh6 Kf7 33. Bg5 Rg8 34. h4 Nd7 35. Nc4 Rg6 36. Nxd6+ Rxd6 37. Rxc7 h6 38. Rf1+ Kg6 39. Be7 Rbb6 40. Bxd6 Rxd6 41. Rc6 1-0

[Event "GBR-ch111 Over 65"]
[Site "Liverpool"]
[Date "2025.08.05"]
[Round "2.6"]
[White "Spanton, Tim R"]
[Black "Varley, Peter"]
[Result "1/2-1/2"]
[WhiteElo "1982"]
[BlackElo "2117"]
[PlyCount "70"]
[EventDate "2025.08.04"]
[EventType "swiss"]
[EventRounds "7"]
[EventCountry "GBR"]
[SourceTitle "BritBase"]
[Source "John Saunders"]
[SourceDate "2025.08.11"]
[SourceVersion "1"]
[SourceVersionDate "2025.08.11"]
[SourceQuality "1"]

1. e4 c6 2. d4 d5 3. Nc3 dxe4 4. Nxe4 Bf5 5. Ng3 Bg6 6. Nf3 Nd7 7. h4 h6 8. h5 Bh7 9. Bd3 Bxd3 10. Qxd3 e6 11. Bd2 Ngf6 12. O-O-O Be7 13. Ne4 Nxe4 14. Qxe4 Nf6 15. Qe2 Qd5 16. c4 Qe4 17. Qxe4 Nxe4 18. Be3 Nd6 19. b3 b5 20. c5 Nf5 21. g4 Nxe3 22. fxe3 O-O 23. Ne5 Rac8 24. Rhf1 Bg5 25. Rde1 Rc7 26. Kc2 Bf6 27. Nd3 Rd8 28. Rf3 a5 29. a3 Rcd7 30. Ref1 e5 31. Nxe5 Bxe5 32. dxe5 Rd2+ 33. Kc1 Ra2 34. Rxf7 Rdd2 35. e6 Rac2+ 1/2-1/2

[Event "GBR-ch111 Over 65"]
[Site "Liverpool"]
[Date "2025.08.05"]
[Round "2.7"]
[White "Smith, Andrew P"]
[Black "Habershon, Paul F"]
[Result "1/2-1/2"]
[WhiteElo "2104"]
[BlackElo "1959"]
[PlyCount "100"]
[EventDate "2025.08.04"]
[EventType "swiss"]
[EventRounds "7"]
[EventCountry "GBR"]
[SourceTitle "BritBase"]
[Source "John Saunders"]
[SourceDate "2025.08.11"]
[SourceVersion "1"]
[SourceVersionDate "2025.08.11"]
[SourceQuality "1"]

1. e4 Nf6 2. e5 Nd5 3. c4 Nb6 4. d4 d6 5. Nf3 Bg4 6. exd6 exd6 7. Nc3 Be7 8. Be3 O-O 9. h3 Bh5 10. b3 Nc6 11. Be2 d5 12. c5 Nc8 13. b4 Bg6 14. b5 Na5 15. Qa4 b6 16. O-O Bf6 17. Ne5 Ne7 18. Bf3 Rc8 19. Ng4 c6 20. Nxf6+ gxf6 21. bxc6 Naxc6 22. Rfd1 Kh8 23. Rac1 Bf5 24. Ne2 Rg8 25. Ng3 Be6 26. cxb6 axb6 27. Rc3 Qd7 28. Rdc1 Ne5 29. Bd1 b5 30. Qc2 Nc4 31. Qe2 Nf5 32. Nxf5 Bxf5 33. Qf3 Qe6 34. g4 Be4 35. Qf4 b4 36. Rb3 Ra8 37. Rxb4 Rxa2 38. Rb8 f5 39. Rxg8+ Kxg8 40. Qg5+ Qg6 41. Bb3 Rb2 42. Bxc4 dxc4 43. Qd8+ Kg7 44. d5 Rb1 45. Bd4+ f6 46. Rxb1 Bxb1 47. Qe7+ Qf7 48. Bxf6+ Kg6 49. Qxf7+ Kxf7 50. Bc3 Ke7 1/2-1/2

[Event "GBR-ch111 Over 65"]
[Site "Liverpool"]
[Date "2025.08.05"]
[Round "2.8"]
[White "Bonafont, Philip R"]
[Black "James, Geoffrey H"]
[Result "1-0"]
[WhiteElo "1978"]
[BlackElo "2088"]
[PlyCount "79"]
[EventDate "2025.08.04"]
[EventType "swiss"]
[EventRounds "7"]
[EventCountry "GBR"]
[SourceTitle "BritBase"]
[Source "John Saunders"]
[SourceDate "2025.08.11"]
[SourceVersion "1"]
[SourceVersionDate "2025.08.11"]
[SourceQuality "1"]

1. e4 e5 2. Nf3 Nc6 3. Bb5 a6 4. Ba4 d6 5. Nc3 Bd7 6. Bxc6 Bxc6 7. d4 Nf6 8. Qe2 Qe7 9. d5 Bd7 10. h3 g6 11. Be3 Bg7 12. O-O-O h6 13. g4 b5 14. a3 Qd8 15. Nd2 g5 16. f3 Qb8 17. h4 gxh4 18. Rxh4 a5 19. Rdh1 b4 20. Nd1 bxa3 21. bxa3 Ke7 22. Bxh6 Bxh6 23. Rxh6 Rxh6 24. Rxh6 Qb6 25. Qh2 Qc5 26. Qh4 Ba4 27. Qxf6+ Kd7 28. Qf5+ Ke7 29. Qg5+ Kd7 30. Ne3 Qxa3+ 31. Kd1 Bb5 32. c4 Ba4+ 33. Ke2 Rb8 34. Qf5+ Ke7 35. Qf6+ Kd7 36. Qxf7+ Kc8 37. Rh8+ Kb7 38. Rxb8+ Kxb8 39. g5 Kc8 40. Qf5+ 1-0

[Event "GBR-ch111 Over 65"]
[Site "Liverpool"]
[Date "2025.08.05"]
[Round "2.9"]
[White "Giulian, Philip M"]
[Black "Lawson, Maurice E"]
[Result "1/2-1/2"]
[WhiteElo "2075"]
[BlackElo "1938"]
[PlyCount "63"]
[EventDate "2025.08.04"]
[EventType "swiss"]
[EventRounds "7"]
[EventCountry "GBR"]
[SourceTitle "BritBase"]
[Source "John Saunders"]
[SourceDate "2025.08.11"]
[SourceVersion "1"]
[SourceVersionDate "2025.08.11"]
[SourceQuality "1"]

1. e4 c6 2. d4 d5 3. e5 Bf5 4. h4 h6 5. g4 Bg6 6. h5 Bh7 7. e6 Qd6 8. exf7+ Kxf7 9. Nf3 Nd7 10. Qe2 Be4 11. Rh3 Ngf6 12. Ne5+ Nxe5 13. dxe5 Qxe5 14. f3 e6 15. fxe4 dxe4 16. Nc3 Bb4 17. Bd2 Rhd8 18. O-O-O Rd4 19. Be3 Bxc3 20. bxc3 Rxd1+ 21. Qxd1 Qa5 22. Kb2 Rd8 23. Qe2 Nd5 24. Bd4 c5 25. Qf2+ Kg8 26. Bxc5 e3 27. Rxe3 Qxc5 28. Rf3 Qxf2 29. Rxf2 Ne3 30. Rf3 Nxf1 31. Rxf1 Rd7 32. Kb3 1/2-1/2

[Event "GBR-ch111 Over 65"]
[Site "Liverpool"]
[Date "2025.08.05"]
[Round "2.10"]
[White "Bray, Dave J"]
[Black "Hewson, Brian Wr"]
[Result "1-0"]
[WhiteElo "1950"]
[BlackElo "2062"]
[PlyCount "51"]
[EventDate "2025.08.04"]
[EventType "swiss"]
[EventRounds "7"]
[EventCountry "GBR"]
[SourceTitle "BritBase"]
[Source "John Saunders"]
[SourceDate "2025.08.11"]
[SourceVersion "1"]
[SourceVersionDate "2025.08.11"]
[SourceQuality "1"]

1. e4 c6 2. d4 d5 3. exd5 cxd5 4. c4 Nf6 5. Nc3 e6 6. Nf3 Nc6 7. Bd3 Be7 8. O-O Nb4 9. Be2 dxc4 10. Bxc4 O-O 11. Qe2 b6 12. Re1 Bb7 13. Ng5 Nbd5 14. Nxe6 fxe6 15. Qxe6+ Rf7 16. Bg5 Bc8 17. Qe2 Bb7 18. Bxf6 Rxf6 19. Qxe7 Bc6 20. Qxd8+ Rxd8 21. Re5 Rfd6 22. Rae1 Kf8 23. Nxd5 Bxd5 24. Rf5+ Kg8 25. Rxd5 Rxd5 26. Re5 1-0

[Event "GBR-ch111 Over 65"]
[Site "Liverpool"]
[Date "2025.08.05"]
[Round "2.11"]
[White "Surtees, Mike J"]
[Black "Kane, Robert"]
[Result "1-0"]
[WhiteElo "2055"]
[BlackElo "1834"]
[PlyCount "85"]
[EventDate "2025.08.04"]
[EventType "swiss"]
[EventRounds "7"]
[EventCountry "GBR"]
[SourceTitle "BritBase"]
[Source "John Saunders"]
[SourceDate "2025.08.11"]
[SourceVersion "1"]
[SourceVersionDate "2025.08.11"]
[SourceQuality "1"]

1. e4 c5 2. d3 Nc6 3. Ne2 e6 4. c3 d5 5. Qc2 dxe4 6. dxe4 e5 7. a4 Be7 8. Ng3 Nf6 9. f3 O-O 10. Be3 a6 11. Nd2 Be6 12. Be2 Rc8 13. Bf2 Ne8 14. O-O g6 15. Rfd1 Qc7 16. Ngf1 Ng7 17. Ne3 Rcd8 18. Bc4 Bg5 19. Nd5 Bxd5 20. Bxd5 Ne7 21. Bc4 a5 22. Nf1 b6 23. Ne3 Bxe3 24. Bxe3 Ne6 25. g3 h5 26. Kg2 Kg7 27. Bxe6 fxe6 28. Bg5 c4 29. Qe2 Kf7 30. h4 Qc6 31. Rxd8 Rxd8 32. Rd1 Rxd1 33. Qxd1 b5 34. Qd8 Ng8 35. Qxa5 bxa4 36. Qxe5 Qb7 37. Qf4+ Ke8 38. Qd2 Ne7 39. Kh3 a3 40. bxa3 Qb1 41. Kg2 Nc6 42. Qd6 e5 43. Qe6+ 1-0

[Event "GBR-ch111 Over 65"]
[Site "Liverpool"]
[Date "2025.08.05"]
[Round "2.12"]
[White "Johnson, Simon"]
[Black "Dilleigh, Stephen P"]
[Result "1-0"]
[WhiteElo "1911"]
[BlackElo "2048"]
[PlyCount "109"]
[EventDate "2025.08.04"]
[EventType "swiss"]
[EventRounds "7"]
[EventCountry "GBR"]
[SourceTitle "BritBase"]
[Source "John Saunders"]
[SourceDate "2025.08.11"]
[SourceVersion "1"]
[SourceVersionDate "2025.08.11"]
[SourceQuality "1"]

1. d4 d5 2. Nf3 Nf6 3. c4 e6 4. cxd5 exd5 5. Nc3 c6 6. Qc2 g6 7. Bg5 Be7 8. e3 Bf5 9. Bd3 Bxd3 10. Qxd3 Nbd7 11. h3 O-O 12. O-O Re8 13. a3 Ne4 14. Bf4 Bd6 15. Bxd6 Nxd6 16. Nd2 Nf6 17. f3 Nf5 18. Rae1 Qd6 19. e4 Qg3 20. Ne2 dxe4 21. Nxe4 Nxe4 22. Nxg3 Nexg3 23. Re5 Nxf1 24. Kxf1 Red8 25. Qb3 Rxd4 26. Qxb7 Rad8 27. Kf2 Rd2+ 28. Re2 R2d7 29. Qxc6 Ng7 30. b4 h5 31. g4 Rd6 32. Qc5 Ne6 33. Qxa7 h4 34. Qe3 g5 35. Qe5 Rd5 36. Qf6 Nf4 37. Re7 Rd2+ 38. Kf1 Rd1+ 39. Re1 R1d5 40. Qc6 R8d6 41. Re8+ Kg7 42. Qc3+ f6 43. Qc7+ Rd7 44. Re7+ Rxe7 45. Qxe7+ Kg6 46. Qe4+ Kg7 47. Qc2 Nxh3 48. a4 Nf4 49. Kg1 Re5 50. a5 Re2 51. Qd1 h3 52. Kh1 Rg2 53. a6 Ne2 54. Qe1 Nd4 55. Qe7+ 1-0

[Event "GBR-ch111 Over 65"]
[Site "Liverpool"]
[Date "2025.08.05"]
[Round "2.13"]
[White "Collinson, Mark I"]
[Black "Page, Mark Edward"]
[Result "0-1"]
[WhiteElo "1900"]
[BlackElo "2025"]
[PlyCount "84"]
[EventDate "2025.08.04"]
[EventType "swiss"]
[EventRounds "7"]
[EventCountry "GBR"]
[SourceTitle "BritBase"]
[Source "John Saunders"]
[SourceDate "2025.08.11"]
[SourceVersion "1"]
[SourceVersionDate "2025.08.11"]
[SourceQuality "1"]

1. d4 Nf6 2. g3 g6 3. Bg2 Bg7 4. e4 d6 5. Ne2 O-O 6. O-O Nbd7 7. c4 e5 8. d5 a5 9. Nbc3 Nc5 10. h3 c6 11. Be3 cxd5 12. cxd5 Bd7 13. Bxc5 dxc5 14. a4 Ne8 15. f4 Nd6 16. Qd3 f5 17. Kh2 Qe7 18. Rae1 Rae8 19. b3 Qd8 20. Nb5 fxe4 21. Bxe4 Nxe4 22. Qxe4 Bxb5 23. axb5 exf4 24. Qc4 fxg3+ 25. Nxg3 Rxe1 26. Rxe1 Rf2+ 27. Kh1 Qd6 28. Qd3 Bd4 29. Re8+ Kg7 30. Re6 Qxd5+ 31. Qe4 Qxe4+ 32. Nxe4 Rf3 33. Re7+ Kh6 34. Rxb7 Rxh3+ 35. Kg2 Rxb3 36. Nd6 a4 37. Ra7 a3 38. Ra6 Kg5 39. b6 Rxb6 40. Rxb6 a2 41. Ne4+ Kf4 42. Ra6 Kxe4 0-1

[Event "GBR-ch111 Over 65"]
[Site "Liverpool"]
[Date "2025.08.05"]
[Round "2.14"]
[White "Dawson, Jeff R"]
[Black "Clare, Steve"]
[Result "1-0"]
[WhiteElo "2024"]
[BlackElo "1709"]
[PlyCount "65"]
[EventDate "2025.08.04"]
[EventType "swiss"]
[EventRounds "7"]
[EventCountry "GBR"]
[SourceTitle "BritBase"]
[Source "John Saunders"]
[SourceDate "2025.08.11"]
[SourceVersion "1"]
[SourceVersionDate "2025.08.11"]
[SourceQuality "1"]

1. e4 c5 2. Nf3 d6 3. Bb5+ Bd7 4. Bxd7+ Qxd7 5. O-O Nc6 6. c3 Nf6 7. Re1 e5 8. d4 cxd4 9. cxd4 Be7 10. d5 Nd8 11. Nc3 O-O 12. a4 Ne8 13. Be3 f5 14. exf5 Qxf5 15. a5 g5 16. Ra4 g4 17. Nd2 h5 18. Nde4 Nf7 19. Qe2 Nf6 20. Nxf6+ Bxf6 21. Ne4 Bg5 22. Rc1 Bxe3 23. Qxe3 Qg6 24. Rac4 Nh6 25. Qg5 Qxg5 26. Nxg5 Nf5 27. Rc7 Nd4 28. Kf1 Nb3 29. R1c3 Nd4 30. Rxb7 Rab8 31. a6 Rfc8 32. Ne4 Nf5 33. Nf6+ 1-0